| 000 | 01142nam a2200253 a 4500 | ||
|---|---|---|---|
| 001 | 70832 | ||
| 003 | BD-RjUL | ||
| 005 | 20211209082038.0 | ||
| 008 | 170420s1993 ph a|||| |||| 00| 0 ben d | ||
| 020 | _a9290580801 | ||
| 035 | _a(BD-RjUL)71046 | ||
| 040 |
_aBD-RjUL _beng _cBD-RjUL _dBD-RjUL |
||
| 041 | _aeng | ||
| 082 |
_223 _a635 _bVIS 1993 |
||
| 100 | 1 |
_aভিলারিল, রুবেল এল _9209639 |
|
| 245 | 1 | 0 |
_aসবজি বাগান নির্দেশিকা / _cরুবেল এল ভিলারিল, সুব্রামোনিয়ান সানমুগাসুনডারাম এবং মদন মোহন লাল চাধা |
| 260 |
_aতাইনান : _bএভিআরডিসি, _c১৯৯৩ |
||
| 300 |
_a২১৩ পৃ. : _bচিত্র. ; _c৩২ সেমি. |
||
| 650 |
_aশাকসবজি _9167249 |
||
| 650 |
_aVegetables (Garden crops) _9209640 |
||
| 700 |
_aসানমুগাসুনডারাম , সুব্রামোনিয়ান _9209641 |
||
| 700 |
_aচাধা, মদন মোহন লাল _9209642 |
||
| 942 |
_2ddc _cBK |
||
| 999 |
_c70832 _d70832 |
||